Halide glasses for infrared fiberoptics /

Bibliographic Details
Corporate Authors: NATO Advanced Research Workshop on "Halide Glasses for Infrared Fiberoptics" Vila Moura, Portugal, North Atlantic Treaty Organization. Scientific Affairs Division
Other Authors: Almeida, Rui M.
Format: Conference Proceeding Book
Language:English
Published: Dordrecht ; Boston : M. Nijhoff ; 1987.
Series:NATO ASI series. Applied sciences ; no. 123.
Subjects:

MARC

Tag First Indicator Second Indicator Subfields
LEADER 00000cam a2200000 a 4500
001 in00000016101
005 20151007052702.0
008 870109s1987 ne a b 10110 eng
010 |a  87001508  
020 |a 9024734800 
035 |a (OCoLC)15108820 
035 |9 AAA8786AM 
040 |a DLC  |c DLC  |d m/c  |d TXA  |d UtOrBLW 
049 |a TXAM  |c [A12608950] 
050 0 0 |a TA1800  |b .N367 1986 
082 0 |a 621.36/92  |2 19 
111 2 |a NATO Advanced Research Workshop on "Halide Glasses for Infrared Fiberoptics"  |d (1986 :  |c Vila Moura, Portugal) 
245 1 0 |a Halide glasses for infrared fiberoptics /  |c edited by Rui M. Almeida. 
264 1 |a Dordrecht ;  |a Boston :  |b M. Nijhoff ;  |c 1987. 
264 2 |a Hingham, MA, USA :  |b Distributors for the U.S. and Canada, Kluwer Academic Publishers, 
300 |a xi, 412 pages :  |b illustrations ;  |c 25 cm. 
336 |a text  |b txt  |2 rdacontent 
337 |a unmediated  |b n  |2 rdamedia 
338 |a volume  |b nc  |2 rdacarrier 
490 1 |a NATO ASI series. Series E, Applied sciences ;  |v no. 123 
500 |a "Proceedings of the NATO Advanced Research Workshop on "Halide Glasses for Infrared Fiberoptics", Vilamoura (Algrave), Portugal, March 31- April 4, 1986"--Title page verso. 
500 |a "Published in cooperation with NATO Scientific Affairs Division." 
504 |a Includes bibliographies and index. 
650 0 |a Fiber optics  |x Materials  |x Congresses. 
650 0 |a Metallic glasses  |v Congresses. 
650 0 |a Infrared technology  |v Congresses. 
700 1 |a Almeida, Rui M. 
710 2 |a North Atlantic Treaty Organization.  |b Scientific Affairs Division. 
830 0 |a NATO ASI series.  |n Series E,  |p Applied sciences ;  |v no. 123. 
999 |a MARS 
999 f f |s d638e7a7-54e0-3597-a8e2-a1fb908e5845  |i a75b4c55-2f0e-366b-b4d7-273f28db90f9  |t 0 
952 f f |p ric  |a Texas A&M University  |b Rellis Campus  |c Joint Library Facility  |d Remote Storage  |t 0  |e TA1800 .N367 1986  |h Library of Congress classification  |i unmediated -- volume  |m A14812608950 
998 f f |a TA1800 .N367 1986  |t 0  |l Remote Storage